| 000 -LEADER | |
|---|---|
| fixed length control field | 00434nam a22001697a 4500 |
| 005 - DATE AND TIME OF LATEST TRANSACTION | |
| control field | 20180707160711.0 |
| 008 - FIXED-LENGTH DATA ELEMENTS--GENERAL INFORMATION | |
| fixed length control field | 160512b xxu||||| |||| 00| 0 eng d |
| 020 ## - INTERNATIONAL STANDARD BOOK NUMBER | |
| ISBN | 0-07-052908-6 |
| 041 ## - LANGUAGE CODE | |
| Language code of text/sound track or separate title | eng |
| 082 ## - DEWEY DECIMAL CLASSIFICATION NUMBER | |
| Item number | 1531 |
| Classification number | 658.15 |
| 100 ## - MAIN ENTRY--AUTHOR NAME | |
| Personal name | Brealey, Richard A And Myers, Stewart C |
| 245 ## - TITLE STATEMENT | |
| Title | Principles of Corporate Finance |
| 260 ## - PUBLICATION, DISTRIBUTION, ETC. (IMPRINT) | |
| Place of publication | New Delhi |
| Name of publisher | TMH |
| Year of publication | 1981 |
| 300 ## - PHYSICAL DESCRIPTION | |
| Number of Pages | 1071p, |
| 650 ## - SUBJECT ADDED ENTRY--TOPICAL TERM | |
| Topical Term | Management |
| 942 ## - ADDED ENTRY ELEMENTS (KOHA) | |
| Koha item type | Books |
| Lost status | Damaged status | Collection code | Home library | Current library | Shelving location | Date acquired | Cost, normal purchase price | Full call number | Accession Number | Koha item type |
|---|---|---|---|---|---|---|---|---|---|---|
| MANAGEMENT | JRU Library | JRU Library | SHELF -72- H | 12/05/2016 | 550.00 | 658.15 | 1531 | Books | ||
| MANAGEMENT | JRU Library | JRU Library | SHELF -72- H | 12/05/2016 | 550.00 | 658.15 | 1532 | Books | ||
| MANAGEMENT | JRU Library | JRU Library | SHELF -72- H | 12/05/2016 | 550.00 | 658.15 | 1533 | Books | ||
| MANAGEMENT | JRU Library | JRU Library | SHELF -72- H | 12/05/2016 | 550.00 | 658.15 | 1534 | Books | ||
| MANAGEMENT | JRU Library | JRU Library | SHELF -72- H | 12/05/2016 | 550.00 | 658.15 | 1535 | Books | ||
| Reference | JRU Library | SHELF-30-E | 12/05/2016 | 550.00 | 658.15 | 1536 | Books | |||
| MANAGEMENT | JRU Library | JRU Library | SHELF -72- H | 12/05/2016 | 550.00 | 658.15 | 1537 | Books | ||
| MANAGEMENT | JRU Library | JRU Library | SHELF -72- H | 12/05/2016 | 550.00 | 658.15 | 1538 | Books |